00650nam a2200241 a 4500001001300000003000900013005001700022008004100039020001000080082001600090100002100106245002200127260003100149300000900180500003500189505001000224650002700234700002100261902000800282942000700290952009600297999001500393nice12345678IN_TiNIC20260116011538.0050524s1928 teha grp 000 0 per  ac10000a891.51bWAH aWahshi Kirmani,  aKuliyat-I-Kirmani aTehranbSaadat Pressc1928 a516p aincludes index and biblioraphy2 aIndex aPersian Poetry-Kirmani1 aWahshi Kirmani,  bSRS cBK 00104070aHMIbHMId2007-06-01g100.00l0o891.51 WAHp4508r2007-06-01w2026-01-16yARB c2502d2502